| 000 | 01143nam a2200265 a 4500 | ||
|---|---|---|---|
| 008 | 180918s2011 ag |||g |||| 001 j|spa d | ||
| 020 | _a9789876042246 | ||
| 041 | _aspa | ||
| 092 |
_c808.8 _l51 _sMAR |
||
| 245 | 3 |
_aEl agujero violeta de la luna / _cVictoria Martínez |
|
| 250 | _a1a ed. | ||
| 260 |
_aNeuquén: _bEDUCO; _c2011. |
||
| 300 |
_a139 p. _b21x15 cm |
||
| 500 | _aMartínez, V. et al. (2011). El agujero violeta de la luna. Antología. (1a ed.). Neuquén : EDUCO | ||
| 505 | _aEsta antología es el producto del "Taller de Victoria" 2010. Así como está de moda lo "atípico", ésta, para estar actualizada, lo es. Sumamos sábados, ganas, estilos, personalidades, ocurrencias, y nos dejamos llevar hacia donde la imaginación o el sentido común nos guíen. | ||
| 590 | _aProyecto 4to Libro. Donación EDUCO, Septiembre 2017. | ||
| 655 |
_aCuentos cortos _93278 |
||
| 700 | 1 |
_aDel Rey, Alejandro _93279 |
|
| 700 | 1 |
_aMartinez, Victoria _93280 |
|
| 700 | 1 |
_aGeréz, Gloria C. _93281 |
|
| 700 | 1 |
_aGómez, Alberto J. _93282 |
|
| 700 | 1 |
_aLópez, Cristina _93283 |
|
| 700 | 1 |
_aSolenzi, Ana María _93284 |
|
| 942 |
_2ddc _cLIT |
||
| 999 |
_c2464 _d2464 |
||